000 01532nam0a22003011 4500
001 rc\4385723
005 20260407052150.0
021 _aRU
_b[60-7582]
035 _a(NLR Aleph) 008550580
090 _a8403727
_c8403727
100 _a20130416d1959 |||y0rusy50 ca
101 0 _arus
102 _aRU
105 _aa z |||||
200 1 _aВременная инструкция по валке и раскряжевке бука на лесосеках в горных условиях Карпат
_fАкад. строительства и архитектуры УССР. Укр. науч.-исслед. ин-т мех. обработки древесины. УкрНИИМОД. Отд. лесоэксплуатации
210 _aКиев
_cБ. и.
_d1959
215 _a26 с.
_cил.
_d20
300 _aНа обороте тит. л. авт. разработки: Боярский В.С. и Осипенко В.А.
606 _aБук
_xВалка и раскряжевка
_2psbo
606 _aЛесозаготовительные работы в горных условиях
_yЗападная Украина
_2psbo
702 1 _aОсипенко
_bВ.А.
_4570
702 1 _aБоярский
_bВ.С.
_gВасилий Сильвестрович
_4570
712 0 2 _aУкраинский НИИ механической обработки древесины
_cКиев
_3RU\NLR\AUTH\8810021644
_9541161
801 0 _aRU
_bNLR
_gpsbo
801 1 _aRU
_bELAR
_2rusmarc
852 _aNLR
_j60-4/1084
942 _cBOOK
980 _aNB